000 00930nam a2200265 c 4500
003 BLK
005 20190329085727.0
008 180411b bul|||||r ||||||| ||bul||
010 _aKNG00194565000
040 _aBLK
041 _aBUL
_cBUL
080 _aБългарска литература
_b821.163.2
_x-2
_z821.163.2-2
100 1 _aКараславов, Георги Славов
_eпърви автор
_9366141
139 _aКараславов, Георги Славов
_bК 36
245 1 0 _aМайка на всички
_bПиеса в 9. карт.
_cГеорги Славов Караславов.
257 _aBGR
260 София
_bБълг. писател
_c1973
300 _a68 с.
_c21 см
380 _aX
852 _aЦб 68128
856 4 _qpdf
_u
856 4 _qpdf
_u
942 _cKNG
_n0
_01
944 _aCR
_c26.10.2016
_kНаталия_Любомирова
944 _aED
_c26.10.2016
_kНаталия_Любомирова
999 _c185571
_d185571